| 000 | 00403nam a22001457a 4500 | ||
|---|---|---|---|
| 082 |
_a621.3192 _bKER _cL-9, P-4 |
||
| 100 |
_aKerchner, Russel M. _941426 |
||
| 245 | _aAlternating current circuits. | ||
| 250 | _a3rd ed. | ||
| 260 |
_aUSA _bJohn Wiley & Sons, Inc. _c1958 |
||
| 300 |
_aix, 598 p. : _bill. ; _c6 Cm. |
||
| 526 |
_a0 _b0 _c0 _d621_319200000000000_KER |
||
| 650 |
_aMCE _9379 |
||
| 942 |
_2ddc _cBK |
||
| 999 |
_c545533 _d545533 |
||